000 00533nam a2200217Ia 4500
003 OSt
005 20220928135401.0
006 a|||||r|||| 00| 0
007 ta
008 220927b |||||||| |||| 00| 0 eng d
024 _a1702
037 _cTextual
040 _aSDCL
_cSDCL
_beng
041 _2eng
_aeng
082 _aX:51.1'N8, M4
100 _aKirpalani V H
_9490219
245 0 _aInternational marketing
260 _c1984
942 _hX:51.1'N8, M4
_cTEXL
_2CC
999 _c805514
_d805514